00589nam a2200181Ia 4500001001000000003000500010008004100015010001100056040000900067082002000076100001800096245010800114260005600222300001100278440001600289500004600305650005600351Para_8518CHAP220125s1918 xx 000 0 und d a207329 cCHAP aPA-C 595.752 A6 aAnnand, P. N. aA contribution toward a monograph of the adelginae (Phylloxeridae) of North America /c by P.N. Annand aStanford, Cal. :b Stanford University Publications a146 p. aAphidae; 19 aEncuadernado con otros impresos similares ax Afididos x Colecciones de escritos x Adelginae